[Event "Sonipat Prakash Singh Memorial 1st"]
[Site "Sonipat"]
[Date "2017.04.20"]
[Round "7"]
[White "Madhav, Mahere"]
[Black "Shubham, 1111"]
[Result "1-0"]
[WhiteElo "1807"]
[BlackElo "1966"]
[PlyCount "37"]
[EventDate "2017.04.17"]
[EventType "swiss"]
[EventRounds "10"]
[EventCountry "IND"]
[SourceTitle "CBM 177 Extra"]
[Source "ChessBase"]
[SourceDate "2017.04.27"]
[SourceVersion "1"]
[SourceVersionDate "2017.04.27"]
[SourceQuality "1"]

1. d4 d5 2. c4 c6 3. Nc3 Nf6 4. Bg5 dxc4 5. e3 Nd5 6. Nf3 b5 7. a4 b4 8. Na2 b3 9. Nc3 Nb4 10. Bxc4 Nc2+ 11. Kd2 Nxa1 12. Ne5 Be6 13. Bxe6 fxe6 14. Qf3 Qc8 15. Ne4 Qb7 16. Rxa1 Qb4+ 17. Kd1 Nd7 18. Qf7+ Kd8 19. Nxc6+ 1-0